Sintering studies of manganese oxide doped tricalcium phosphate bioceramic /
Saved in:
| 主要作者: | |
|---|---|
| 格式: | Thesis 圖書 |
| 語言: | English |
| 主題: | |
| 標簽: |
添加標簽
沒有標簽, 成為第一個標記此記錄!
|
| LEADER | 01422cam a2200349 i 4500 | ||
|---|---|---|---|
| 001 | u1005497 | ||
| 003 | SIRSI | ||
| 005 | 201410160935 | ||
| 008 | 141016s2014 my a t 000 0 eng m | ||
| 040 | |a UMM |d UMJ |e rda | ||
| 090 | |a TJ7 |b UM 2014 Norma | ||
| 097 | |a TJ7 |b UM 2014 Norma | ||
| 100 | 0 | |a Norakmal Md Amin, |e author. | |
| 245 | 1 | 0 | |a Sintering studies of manganese oxide doped tricalcium phosphate bioceramic / |c Norakmal bin Md Amin. |
| 264 | 1 | |c 2014. | |
| 264 | 4 | |c 2014. | |
| 300 | |a xiii, 118 leaves : |b illustrations ; |c 30 cm. | ||
| 336 | |a text |2 rdacontent | ||
| 337 | |a unmediated |2 rdamedia | ||
| 338 | |a volume |2 rdacarrier | ||
| 502 | |b M.Eng. |c Jabatan Kejuruteraan Mekanik, Fakulti Kejuruteraan, Universiti Malaya |d 2014. | ||
| 504 | |a Bibliography: leaves 82-95. | ||
| 650 | 0 | |a Oxidation. | |
| 650 | 0 | |a Phosphates. | |
| 650 | 0 | |a Ceramic-matrix composites |x Industrial applications. | |
| 650 | 0 | |a Ceramics in medicine. | |
| 710 | 2 | |a Universiti Malaya. |b Jabatan Kejuruteraan Mekanik, |e degree granting institution. | |
| 900 | |a HA-ZA | ||
| 596 | |a 1 7 | ||
| 999 | |a TJ7 UM 2014 NORMA |w LC |c 1 |i A516152489 |d 19/3/2015 |f 19/3/2015 |g 1 |l STACKS |m P07JURUTER |r N |s Y |t TESIS |u 19/3/2015 | ||
| 999 | |a TJ7 UM 2014 NORMA |w LC |c 2 |i A516157407 |d 19/3/2015 |f 19/3/2015 |g 1 |l COUNTER |m P07JURUTER |r N |s Y |t CD |u 19/3/2015 | ||
| 999 | |a TJ7 UM 2014 NORMA |w LC |c 1 |i A516051281 |d 18/5/2015 |f 18/5/2015 |g 1 |l STACKS |m P01UTAMA |r Y |s Y |t TESIS |u 13/5/2015 | ||
